| 000 | 04481nam a22004817a 4500 | ||
|---|---|---|---|
| 005 | 20090914151351.0 | ||
| 008 | 080927t xxu||||| |||| 00| j eng d | ||
| 010 | _aB-309001-019 | ||
| 020 |
_a9788183860796 _c195.00 |
||
| 035 | _aB-309001-019 | ||
| 035 | _aB-357668 | ||
| 037 | _bSuper (Vendor) | ||
| 040 |
_adpl _bEnglish |
||
| 082 | _aS | ||
| 100 | _aTagore, Rabindranath | ||
| 245 |
_aHungry stones and other stories / _cby Rabindranath Tagore |
||
| 260 |
_aNew Delhi _bTara Press _c2008 |
||
| 270 |
_aFlat No. 6, Khan Market _bNew Delhi _e110003 |
||
| 300 |
_a168p. _c22cm. (pbk) |
||
| 942 |
_2ddc _cEN _hS _mTAG |
||
| 999 |
_c15807 _d15807 |
||